Queen - Too Much Love Will Kill You all lyrics - Statistics

General Stats
  • This quiz has been taken 32 times
    30 since last reset
  • The average score is 216 of 287
Answer Stats
Lyrics % Correct
Kill
100%
Love
100%
Mmm,
100%
Much
100%
To
100%
Too
100%
Will
100%
You
100%
A
93%
And
93%
I
93%
Your
93%
Be
86%
Can't
86%
If
86%
I'm
86%
Me
86%
My
86%
On
86%
See
86%
That
86%
The
86%
Where
86%
Do
79%
Ever
79%
Every
79%
For
79%
In
79%
Is
79%
It
79%
Just
79%
Make
79%
Of
79%
This
79%
Time
79%
Up
79%
Used
79%
All
71%
Are
71%
At
71%
Been
71%
Bring
71%
Down
71%
End
71%
From
71%
Go
71%
I've
71%
Man
71%
Many
71%
Mind
71%
No
71%
No,
71%
Yeah
71%
Yeah-yeah,
71%
You're
71%
Away
64%
Far
64%
Home
64%
How
64%
It's
64%
Leave
64%
One
64%
Raining
64%
Shadow
64%
Tears
64%
Way
64%
What
64%
Would
64%
Behind
57%
But
57%
Facing
57%
Impossible
57%
Never
57%
Out
57%
Pieces
57%
Scream
57%
Shoes?
57%
Standing
57%
Sunshine
57%
That's
57%
Were
57%
About
50%
Again
50%
As
50%
Between
50%
Bitter
50%
'Cause
50%
Choose
50%
Crawl
50%
Crime
50%
Disaster
50%
Oh-Oh,
50%
Feel
50%
Lie
50%
Life
50%
Life,
50%
Like
50%
Long,
50%
Lover
50%
Making
50%
Oh
50%
Sense
50%
There's
50%
Torn
50%
Why
50%
Wrong
50%
Alone
43%
Back
43%
Comes
43%
Drain
43%
Give
43%
It'll
43%
Looking
43%
Lose
43%
Now
43%
Pain
43%
Plead
43%
Read
43%
Seems
43%
Signs
43%
State
43%
Struggle
43%
Sure
43%
Told
43%
Truth
43%
Victim
43%
Went
43%
Won't
43%
You'd
43%
Crazy
36%
Find
36%
Growing
36%
Headed
36%
None
36%
Power
36%
Sell
36%
Soul
36%
Tangled
36%
Understand
36%
Yes,
36%
Bound
29%
Here
29%
No matching quizzes found
Score Distribution
Percent of People with Each Score
Percentile by Number Answered
Your Score History
You have not taken this quiz since the last reset